Damages claim validly assigned (Record no. 25202)
[ view plain ]
| 000 -LEADER | |
|---|---|
| fixed length control field | 01312cab a2200229 4500 |
| 001 - CONTROL NUMBER | |
| control field | WB2808-05 |
| 008 - FIXED-LENGTH DATA ELEMENTS--GENERAL INFORMATION | |
| fixed length control field | 090401t1992 xxu||||| |||| 00| 0 eng d |
| 035 ## - SYSTEM CONTROL NUMBER | |
| System control number | (Sirsi) u39264 |
| 041 ## - LANGUAGE CODE | |
| Language code of text/sound track or separate title | eng |
| 245 ## - TITLE STATEMENT | |
| Title | Damages claim validly assigned |
| 260 ## - PUBLICATION, DISTRIBUTION, ETC. | |
| Date of publication, distribution, etc. | 1992 |
| 350 ## - PRICE (NR) (BK AM CF MU VM SE) [OBSOLETE] | |
| Price | 0 |
| 490 ## - SERIES STATEMENT | |
| Series statement | Financial Times |
| Volume/sequential designation | 19 February 1992, 38(2) |
| 520 ## - SUMMARY, ETC. | |
| Summary, etc. | "Linden Garden Trust Ltd v Lenesta Sludge Disposals Ltd and others" CA 13 February 1992. "St Martins Property Corporation Ltd and another v Sir Robert McAlpine & Sons Ltd" CA 13 February 1992. The CA considered consecutive appeals by the parties in preliminary issues. Held that prohibition of assignment of a contract without contractor`s consent under the JCT form of building contract invalidates assignment of the benefit of the contract, but does not prevent assignment of non-personal rights arising under the contract including accrued rights to substantial damages for defective work. The assignee can therefore claim for causes of action arising before assignment. Appeal in first action allowed, appeal in second action dismissed. |
| 650 ## - SUBJECT ADDED ENTRY--TOPICAL TERM | |
| Topical term or geographic name entry element | ASSIGNMENT |
| 650 ## - SUBJECT ADDED ENTRY--TOPICAL TERM | |
| Topical term or geographic name entry element | BUILT ENVIRONMENT-BUILDING CONTRACT FORMS |
| 650 ## - SUBJECT ADDED ENTRY--TOPICAL TERM | |
| Topical term or geographic name entry element | DAMAGES |
| 650 ## - SUBJECT ADDED ENTRY--TOPICAL TERM | |
| Topical term or geographic name entry element | JCT FORMS |
| 690 ## - LOCAL SUBJECT ADDED ENTRY--TOPICAL TERM (OCLC, RLIN) | |
| Topical term or geographic name as entry element | BUILDING AND CONSTRUCTION-CASE LAW |
| 942 ## - ADDED ENTRY ELEMENTS (KOHA) | |
| Suppress in OPAC | 0 |
| 948 ## - LOCAL PROCESSING INFORMATION (OCLC); SERIES PART DESIGNATOR (RLIN) | |
| c (OCLC) | 04/03/1997 |
| Withdrawn status | Lost status | Source of classification or shelving scheme | Damaged status | Not for loan | Home library | Current library | Shelving location | Date acquired | Total Checkouts | Full call number | Barcode | Date last seen | Copy number | Price effective from | Koha item type |
|---|---|---|---|---|---|---|---|---|---|---|---|---|---|---|---|
| Dewey Decimal Classification | London | London | Journal article | 14/09/1999 | WB2808-05 | 39264-1001 | 06/08/2019 | 1 | 06/08/2019 | Law report |